<?xml version="1.0" encoding="UTF-8"?>
<marc:record xmlns:marc="http://www.loc.gov/MARC21/slim">
   <marc:leader>00000nam a2200000 a 4500</marc:leader>
   <marc:datafield ind1="1" ind2=" " tag="100">
      <marc:subfield code="a">Engelmann Gabriella</marc:subfield>
      <marc:subfield code="4">aut</marc:subfield>
      <marc:subfield code="e">Verfasser/-in</marc:subfield>
   </marc:datafield>
   <marc:datafield ind1="0" ind2="0" tag="245">
      <marc:subfield code="a">Sommerwind</marc:subfield>
   </marc:datafield>
   <marc:datafield ind1=" " ind2="1" tag="264">
      <marc:subfield code="b">Knaur</marc:subfield>
      <marc:subfield code="c">2014</marc:subfield>
   </marc:datafield>
   <marc:datafield ind1="1" ind2=" " tag="520">
      <marc:subfield code="a">Wellen, Sonne, Sand und Wind ein Roman wie eine Liebeserklärung an die Insel Föhr! Geliebter Zugvogel, ich schreibe dir, wie ich es immer mache, sobald du die Insel verlassen hast so beginnt einer jener geheimnisvollen Liebesbriefe, unterzeichnet nur mit dem Initial A., die die Hamburgerin Felicitas auf dem Dachboden findet. Alle Briefe wurden auf Föhr geschrieben, wohin Felicitas nur wenig später aus beruflichen Gründen reisen muss. Die Sehnsucht, die in jeder Zeile der Briefe steckt, berührt sie tief, obwohl sie nach einer großen Enttäuschung in Sachen Liebe ein gebranntes Kind ist. Als sie auf der wunderschönen Nordseeinsel die Brüder Niklas und Frederick kennenlernt, bekommt die Frage, ob sie selbst je wieder lieben kann, eine neue Dringlichkeit. </marc:subfield>
   </marc:datafield>
   <marc:datafield ind1=" " ind2=" " tag="020">
      <marc:subfield code="a">9783426514320</marc:subfield>
      <marc:subfield code="9">9783426514320</marc:subfield>
   </marc:datafield>
</marc:record>
